000 00332cam a2200157ua 4500
001 5002
008 151111n II |||gr||||Z||||||eng
040 _aMAIN
041 _aEnglish
082 _a342.02 SEN
100 _aSEN.
245 _aSTUDIES IN MODERN CONSTITUTIONS
653 _aCONSTITUTIONS
700 _aDAS.
942 _cBK
999 _c4989
_d4989